Religio jurisconsulti.

Bibliographic Details
Main Author: Botrie, J.
Format: eBook
Language:English
Published: London : Printed for Henry Hood, and are to be sold at his shop in St. Dunstans Church-yard, 1649.
Series:Early English books online.
Subjects:
Online Access:Connect to the full text of this electronic book

MARC

Tag First Indicator Second Indicator Subfields
LEADER 00000nam a2200000 4500
001 in00004282213
005 20200813081554.0
006 m g d
007 cr bn |||a|bb|
008 940610s1649 enk o 00| | eng d
035 |a (UnM)99868046 
037 |a CL0051000006  |b ProQuest Information and Learning. 300 N. Zeeb Rd., Ann Arbor, MI 48106 
040 |a Cu-RivES  |c Cu-RivES  |d CStRLIN  |e dcrb  |d WaOLN 
100 1 |a Botrie, J. 
245 1 0 |a Religio jurisconsulti. 
260 |a London :  |b Printed for Henry Hood, and are to be sold at his shop in St. Dunstans Church-yard,  |c 1649. 
300 |a 1 online resource ([6], 26, 33-69, [3] pages) 
336 |a text  |b txt  |2 rdacontent 
337 |a computer  |b c  |2 rdamedia 
338 |a online resource  |b cr  |2 rdacarrier 
500 |a Signed at end: "J. Botrie". 
500 |a Text is continuous despite pagination. 
500 |a The last leaf is blank. 
500 |a Annotation on Thomason copy: "Nou: 9". 
500 |a Reproduction of the original in the British Library. 
510 4 |a Wing (2nd edition, 1994)  |c B3811. 
510 4 |a Thomason  |c E.1344[3]. 
533 |a Electronic reproduction.  |b Ann Arbor, Mich. :  |c UMI,  |d 1999-  |f (Early English books online)  |n Digital version of: (Thomason Tracts ; 177:E1344[3])  |7 s1999 miun s 
650 0 |a God  |x Knowableness  |v Early works to 1800. 
830 0 |a Early English books online. 
856 4 0 |u http://proxy.library.tamu.edu/login?url=https://search.proquest.com/docview/2240956510  |z Connect to the full text of this electronic book  |t 0 
999 f f |s bfd8d505-cf6c-3105-a828-aea10ff5a1e5  |i d6917e15-0b95-3601-8cf0-2a9f9d2d3321  |t 0 
952 f f |a Texas A&M University  |b College Station  |c Electronic Resources  |d Available Online  |t 0  |h No information provided 
998 f f |t 0  |l Available Online